League of Legends Champions [Updated] Quiz Stats

 Plays Quiz not verified by Sporcle

Score 0/132 Timer 14:00
0 Plays Today
Answer % Correct
Annie
91.2%
Aatrox
89.9%
Ahri
89.1%
Ashe
88.9%
Akali
85.9%
Alistar
84.9%
Amumu
84.4%
Zed
83.8%
Blitzcrank
83.6%
Anivia
82.8%
Darius
82%
Katarina
81.4%
Garen
81.2%
Jinx
80.9%
Braum
80.4%
Caitlyn
79.8%
Yasuo
79.8%
Jhin
79.6%
Vi
78.8%
Ezreal
78.5%
Teemo
78%
Azir
77.2%
Brand
76.4%
Bard
75.9%
Draven
75.6%
Kha'Zix
75.6%
Lux
75.1%
Zac
74.8%
Zyra
74.5%
Janna
74.3%
Lucian
74.3%
Ekko
74%
Zilean
74%
Rengar
73.2%
Vayne
73.2%
Lee Sin
72.9%
Leona
72.7%
Thresh
72.7%
Fiora
72.4%
Fizz
71.9%
Soraka
71.9%
Tristana
71.6%
Jarvan IV
71.4%
Miss Fortune
71.4%
Answer % Correct
Sivir
71.4%
Aurelion Sol
70.8%
Gnar
70.8%
Irelia
70.8%
Ryze
70.8%
Hecarim
70.3%
Yorick
70.3%
Corki
70%
Elise
70%
LeBlanc
70%
Master Yi
70%
Gangplank
69.8%
Cassiopeia
69.5%
Graves
69.5%
Jax
69.2%
Morgana
69.2%
Xin Zhao
69.2%
Cho'Gath
69%
Kled
69%
Renekton
69%
Sona
69%
Ziggs
68.7%
Jayce
68.4%
Diana
68.2%
Kalista
67.4%
Lissandra
67.4%
Xerath
67.4%
Shen
67.1%
Lulu
66.8%
Orianna
66.8%
Shaco
66.8%
Urgot
66.8%
Nasus
66.3%
Kayle
66%
Quinn
66%
Warwick
66%
Poppy
65.8%
Twitch
65.8%
Rek'Sai
65.5%
Taric
65.5%
Gragas
65.3%
Kog'Maw
65.3%
Malphite
65.3%
Kennen
65%
Answer % Correct
Karma
64.7%
Riven
64.7%
Syndra
64.7%
Twisted Fate
64.7%
Heimerdinger
64.5%
Nunu
64.5%
Kassadin
64.2%
Nidalee
64.2%
Maokai
63.9%
Malzahar
63.4%
Evelynn
63.1%
Vel'Koz
62.9%
Karthus
62.6%
Veigar
62.6%
Nami
62.3%
Taliyah
62.3%
Illaoi
62.1%
Nautilus
62.1%
Viktor
62.1%
Sion
61.8%
Dr.Mundo
61.3%
Pantheon
61.3%
Sejuani
61.3%
Talon
61%
Fiddlesticks
60.7%
Kindred
60.5%
Tryndamere
60.5%
Rumble
59.9%
Singed
59.7%
Nocturne
59.2%
Swain
58.9%
Olaf
58.4%
Wukong
58.4%
Rammus
58.1%
Varus
57.8%
Vladimir
57.3%
Mordekaiser
57%
Shyvana
56.8%
Tahm Kench
56.8%
Udyr
56.8%
Galio
56.2%
Trundle
56.2%
Volibear
56%
Skarner
47.2%

You're not logged in!

Compare scores with friends on all Sporcle quizzes.
OR
Log In

Sporcle TV

Today on Sporcle TV


Watch our educational content, quiz creation guides, and fun videos on Sporcle TV.

Show Comments

Extras

Top Quizzes Today


Score Distribution

Your Account Isn't Verified!

In order to create a playlist on Sporcle, you need to verify the email address you used during registration. Go to your Sporcle Settings to finish the process.

Report this User

Report this user for behavior that violates our Community Guidelines.

Details: